[Event "Krakow op-A 34th"]
[Site "Krakow"]
[Date "2023.12.30"]
[Round "4"]
[White "Jedraszek, Pawel"]
[Black "Kyc, Jerzy"]
[Result "1/2-1/2"]
[WhiteElo "2124"]
[BlackElo "2304"]
[PlyCount "250"]
[EventDate "2023.12.27"]
[EventType "swiss"]
[EventRounds "9"]
[EventCountry "POL"]
[SourceTitle "CB02_2024"]
[SourceDate "2024.01.10"]
[SourceVersion "1"]
[SourceVersionDate "2024.01.10"]
[SourceQuality "1"]

1. e4 c5 2. Nf3 d6 3. d4 cxd4 4. Nxd4 Nf6 5. Nc3 a6 6. Be3 h5 7. h3 e6 8. a4 Be7 9. Be2 Qc7 10. 0-0 b6 11. f4 Bb7 12. Bf3 Nbd7 13. Qe1 Rc8 14. Rd1 Nc5 15. Bd2 h4 16. b4 Ncd7 17. b5 Nh5 18. Bxh5 Rxh5 19. Qe2 Qc4 20. Qxh5 Qxd4+ 21. Rf2 Rxc3 22. Bxc3 Qxc3 23. f5 exf5 24. Qh8+ Nf8 25. exf5 Qe5 26. Kf1 axb5 27. f6 gxf6 28. Qxh4 Be4 29. axb5 Qxb5+ 30. Kg1 f5 31. Qg3 Qc5 32. Kh1 Ng6 33. Rfd2 Kf8 34. Qf2 d5 35. Qxc5 bxc5 36. Rxd5 Bxd5 37. Rxd5 f4 38. Kg1 Kg7 39. Kf2 Kf6 40. Kf3 Ke6 41. Rd1 Kf5 42. Ra1 Nh4+ 43. Kf2 Bf6 44. Ra7 Bd4+ 45. Kf1 Ke6 46. Rc7 Be3 47. Rc8 Nf5 48. Ke2 Kd5 49. Rf8 Nd4+ 50. Kd1 Ke6 51. Re8+ Kf5 52. Re7 f6 53. Re8 Bg1 54. Kd2 f3 55. gxf3 Kf4 56. c3 Nxf3+ 57. Ke2 f5 58. Rg8 Be3 59. Re8 Ng1+ 60. Kd3 Bf2 61. Rh8 Ke5 62. h4 f4 63. h5 Kf6 64. Rf8+ Kg5 65. h6 Kxh6 66. Rxf4 Bg3 67. Rg4 Bf2 68. Rg2 c4+ 69. Kxc4 Be3 70. Kd5 Kh5 71. c4 Kh4 72. c5 Bxc5 73. Kxc5 Nf3 74. Kd5 Kh3 75. Rg8 Nh4 76. Ke4 Ng2 77. Rg5 Nh4 78. Ke3 Kh2 79. Ke2 Ng2 80. Kf3 Ne1+ 81. Kf2 Nd3+ 82. Kf1 Kh3 83. Ke2 Kh4 84. Rg7 Nf4+ 85. Kf3 Ne6 86. Rg6 Ng5+ 87. Kf4 Nh3+ 88. Kf5 Nf2 89. Rg1 Kh3 90. Kf4 Nd3+ 91. Ke3 Ne5 92. Ke4 Ng4 93. Kf5 Ne3+ 94. Kf4 Nd5+ 95. Ke4 Nf6+ 96. Kf3 Kh4 97. Kf4 Nd5+ 98. Kf3 Kh5 99. Ke4 Ne7 100. Rg7 Ng6 101. Kf5 Nh4+ 102. Kf6 Nf3 103. Rg8 Kh4 104. Kf5 Nd4+ 105. Ke5 Ne2 106. Rg2 Ng3 107. Kf4 Nh5+ 108. Ke3 Nf6 109. Rg6 Nh5 110. Kf3 Kh3 111. Rg1 Kh4 112. Ke3 Kh3 113. Rg6 Kh4 114. Rg8 Nf6 115. Rg2 Kh5 116. Kf4 Nd5+ 117. Ke5 Ne3 118. Rg1 Ng4+ 119. Kf4 Nh6 120. Rg3 Nf7 121. Rg4 Kh6 122. Kf5 Kh5 123. Rd4 Nh6+ 124. Kf4 Kg6 125. Rd6+ Kg7 1/2-1/2

[Event "Krakow op-A 34th"]
[Site "Krakow"]
[Date "2023.12.28"]
[Round "2"]
[White "Kozak, Antoni"]
[Black "Kyc, Jerzy"]
[Result "1-0"]
[WhiteElo "2442"]
[BlackElo "2304"]
[PlyCount "67"]
[EventDate "2023.12.27"]
[EventType "swiss"]
[EventRounds "9"]
[EventCountry "POL"]
[SourceTitle "CB02_2024"]
[SourceDate "2024.01.10"]
[SourceVersion "1"]
[SourceVersionDate "2024.01.10"]
[SourceQuality "1"]

1. Nf3 Nf6 2. c4 c5 3. Nc3 g6 4. e4 Bg7 5. d4 cxd4 6. Nxd4 d6 7. Be2 0-0 8. 0-0 Nc6 9. Nc2 Nd7 10. Be3 Nc5 11. Nd4 Bd7 12. Re1 Rc8 13. Rc1 Nxd4 14. Bxd4 Bc6 15. Bxg7 Kxg7 16. b4 Ne6 17. Nd5 a5 18. a3 axb4 19. axb4 Kg8 20. Qd2 Ng7 21. Qh6 Bxd5 22. exd5 Qb6 23. Qd2 Rc7 24. Bf1 Ra8 25. Qc3 Rac8 26. g3 e5 27. dxe6 Nxe6 28. Rcd1 Rc6 29. Bh3 Re8 30. Qf6 Ng7 31. Bd7 Rxe1+ 32. Rxe1 Rxc4 33. Re7 Rc1+ 34. Kg2 1-0

[Event "Opole AZS op 1st"]
[Site "Opole"]
[Date "2023.08.15"]
[Round "8"]
[White "Bogdanov, Egor"]
[Black "Kyc, Jerzy"]
[Result "1/2-1/2"]
[WhiteElo "2358"]
[BlackElo "2364"]
[PlyCount "23"]
[EventDate "2023.08.15"]
[EventType "swiss (rapid)"]
[EventRounds "9"]
[EventCountry "POL"]
[SourceTitle "EXT 2024"]
[Source "ChessBase"]
[SourceDate "2023.10.10"]
[SourceVersion "1"]
[SourceVersionDate "2023.10.10"]
[SourceQuality "1"]

1. e4 c5 2. c3 Nf6 3. e5 Nd5 4. d4 cxd4 5. Nf3 Nc6 6. Bc4 Nb6 7. Bb3 d5 8. exd6 Qxd6 9. 0-0 e6 10. cxd4 Be7 11. Nc3 0-0 12. d5 1/2-1/2

[Event "Malopolska-ch"]
[Site "Krakow"]
[Date "2023.06.09"]
[Round "3"]
[White "Kyc, Jerzy"]
[Black "Bogdanov, Egor"]
[Result "0-1"]
[WhiteElo "2276"]
[BlackElo "2398"]
[PlyCount "86"]
[EventDate "2023.06.08"]
[EventType "swiss"]
[EventRounds "7"]
[EventCountry "POL"]
[SourceTitle "CBM 214 Extra"]
[Source "ChessBase"]
[SourceDate "2023.07.31"]
[SourceVersion "1"]
[SourceVersionDate "2023.07.31"]
[SourceQuality "1"]

1. e4 c5 2. Nf3 d6 3. d4 cxd4 4. Nxd4 Nf6 5. Nc3 g6 6. Be3 Bg7 7. f3 0-0 8. Qd2 Nc6 9. 0-0-0 d5 10. exd5 Nxd5 11. Nxc6 bxc6 12. Bd4 Nxc3 13. Qxc3 Bh6+ 14. Be3 Bxe3+ 15. Qxe3 Qb6 16. Qxe7 Be6 17. Qa3 Rad8 18. Bd3 Rd5 19. b3 Rfd8 20. Rde1 R5d7 21. Re2 c5 22. Rhe1 Qb8 23. Re5 c4 24. bxc4 Rb7 25. Qa5 Rxd3 26. cxd3 Rb1+ 27. Kd2 Qb2+ 28. Ke3 Rxe1+ 29. Qxe1 Qxe5+ 30. Kf2 Qxh2 31. Qa5 Qb8 32. Qc3 h5 33. Qd4 a5 34. c5 Qb4 35. Qd8+ Kh7 36. d4 Qc3 37. Qd6 Qd2+ 38. Kg3 Qxa2 39. Qb6 Qd2 40. c6 h4+ 41. Kxh4 Qf4+ 42. g4 Qh2+ 43. Kg5 Kg7 0-1

[Event "Malopolska-ch"]
[Site "Krakow"]
[Date "2023.06.08"]
[Round "1"]
[White "Kyc, Jerzy"]
[Black "Trybus, Daniel"]
[Result "1-0"]
[WhiteElo "2276"]
[BlackElo "2014"]
[PlyCount "103"]
[EventDate "2023.06.08"]
[EventType "swiss"]
[EventRounds "7"]
[EventCountry "POL"]
[SourceTitle "CBM 214 Extra"]
[Source "ChessBase"]
[SourceDate "2023.07.31"]
[SourceVersion "1"]
[SourceVersionDate "2023.07.31"]
[SourceQuality "1"]

1. e4 Nf6 2. e5 Nd5 3. d4 d6 4. Bc4 Nb6 5. Bb3 dxe5 6. Qf3 e6 7. dxe5 Nc6 8. Qg3 a5 9. c3 a4 10. Bc2 Qd5 11. f4 Bd7 12. Nf3 Qb5 13. Ng5 h6 14. Bd3 Qa5 15. Ne4 Ne7 16. 0-0 Nf5 17. Qf2 Bb5 18. Bxb5+ Qxb5 19. Nbd2 h5 20. Nf3 Qc6 21. Re1 Be7 22. Nfg5 Nd7 23. Be3 Ra5 24. Bd4 Rd5 25. Rad1 Qc4 26. b3 axb3 27. axb3 Qxb3 28. Rb1 Qc4 29. Rxb7 0-0 30. Qf3 g6 31. Bf2 Kg7 32. h3 Ra8 33. g4 hxg4 34. hxg4 Nh6 35. Bd4 Ra3 36. Qg2 c5 37. Rc7 Qa4 38. Bf2 Ra1 39. Rxa1 Qxa1+ 40. Kh2 Qd1 41. Nf3 Rd3 42. g5 Nf5 43. Nf6 Nf8 44. Ne8+ Kg8 45. Ne1 Ne3 46. Qe4 Ng4+ 47. Kg2 Nxf2 48. Kxf2 Rd2+ 49. Kf1 Bd8 50. Rc8 c4 51. Rxd8 Rxd8 52. Nf6+ 1-0

[Event "EU-ch Rapid"]
[Site "Katowice"]
[Date "2022.12.18"]
[Round "9"]
[White "Kyc, Jerzy"]
[Black "Rudzinska, Michalina"]
[Result "1/2-1/2"]
[WhiteElo "2230"]
[BlackElo "2256"]
[PlyCount "131"]
[EventDate "2022.12.17"]
[EventType "swiss (rapid)"]
[EventRounds "11"]
[EventCountry "POL"]
[SourceTitle "CBM 211 Extra"]
[Source "ChessBase"]
[SourceDate "2023.01.31"]
[SourceVersion "1"]
[SourceVersionDate "2023.01.31"]
[SourceQuality "1"]

1. e4 c6 2. d4 d5 3. Nc3 dxe4 4. Nxe4 Nf6 5. Nxf6+ exf6 6. c3 Bd6 7. Bd3 0-0 8. Qc2 Re8+ 9. Ne2 h5 10. Bd2 c5 11. 0-0-0 Nc6 12. Be3 cxd4 13. Nxd4 Nxd4 14. Bxd4 Qa5 15. Kb1 Be6 16. b3 Red8 17. Bh7+ Kf8 18. Be4 Rac8 19. Bxb7 Rb8 20. Be4 Qa4 21. b4 Qa3 22. Qb2 Qxb2+ 23. Kxb2 Bxb4 24. Bxa7 Rxd1 25. Rxd1 Rb5 26. Rd8+ Ke7 27. Rb8 Rxb8 28. Bxb8 Bc5 29. f3 f5 30. Bb7 g5 31. a4 Bb6 32. Be5 Ba5 33. Bd4 Kd6 34. Ba6 Bd5 35. c4 Bc6 36. Bb5 Ba8 37. Bc3 Bxc3+ 38. Kxc3 f4 39. Kd4 g4 40. c5+ Kc7 41. Be2 h4 42. h3 gxh3 43. gxh3 f6 44. a5 Bc6 45. a6 Kb8 46. Kc3 Bd7 47. Bf1 Bc6 48. Kb4 Bxf3 49. Kb5 Kc7 50. Kc4 Bc6 51. Kd4 Kb8 52. Be2 Bg2 53. Bg4 Bc6 54. Bf5 Ka7 55. Bc8 Ba8 56. Kd3 Bc6 57. Ke2 Kb8 58. Be6 Bb5+ 59. Kf3 Bxa6 60. Kxf4 Kc7 61. Kg4 Kc6 62. Kxh4 Bf1 63. Kg3 Bxh3 64. Bxh3 Kxc5 65. Kf4 f5 66. Kxf5 1/2-1/2

[Event "EU-ch Rapid"]
[Site "Katowice"]
[Date "2022.12.18"]
[Round "11"]
[White "Kyc, Jerzy"]
[Black "Zochowski, Kacper"]
[Result "1/2-1/2"]
[WhiteElo "2230"]
[BlackElo "2256"]
[PlyCount "108"]
[EventDate "2022.12.17"]
[EventType "swiss (rapid)"]
[EventRounds "11"]
[EventCountry "POL"]
[SourceTitle "CBM 211 Extra"]
[Source "ChessBase"]
[SourceDate "2023.01.31"]
[SourceVersion "1"]
[SourceVersionDate "2023.01.31"]
[SourceQuality "1"]

1. e4 d6 2. Nf3 Nf6 3. Nc3 e5 4. d4 Nbd7 5. Bc4 Be7 6. 0-0 0-0 7. Re1 c6 8. Bf1 Re8 9. g3 Bf8 10. Bg2 b5 11. d5 cxd5 12. Nxd5 Bb7 13. Nxf6+ Nxf6 14. Bg5 h6 15. Bxf6 Qxf6 16. Nd2 Be7 17. c3 Bd8 18. Nf1 Bb6 19. Ne3 Red8 20. Qe2 Bxe3 21. Qxe3 Qe6 22. a4 Qb3 23. axb5 Qxb2 24. Bf1 Rdc8 25. c4 Qb4 26. Red1 a6 27. Qb6 Bxe4 28. Rxa6 Qb3 29. Be2 Rxa6 30. Qxa6 Rxc4 31. Qxd6 Rc2 32. Bh5 Qe6 33. Qxe6 fxe6 34. f3 Bd5 35. Rb1 Kf8 36. b6 Rc8 37. Kf2 Ke7 38. Ke3 Kd6 39. Bg6 Rc3+ 40. Bd3 Bb7 41. Kd2 Rc8 42. Be4 Bd5 43. Kd3 Rb8 44. b7 Kc6 45. Rc1+ Kxb7 46. Rb1+ Kc7 47. Rxb8 Kxb8 48. Ke3 Kc7 49. h4 g5 50. hxg5 hxg5 51. Bg6 Kd6 52. f4 exf4+ 53. gxf4 g4 54. Kf2 e5 1/2-1/2

[Event "EU-ch Rapid"]
[Site "Katowice"]
[Date "2022.12.17"]
[Round "5"]
[White "Triadu Cassa, Jordi"]
[Black "Kyc, Jerzy"]
[Result "0-1"]
[WhiteElo "2195"]
[BlackElo "2230"]
[PlyCount "81"]
[EventDate "2022.12.17"]
[EventType "swiss (rapid)"]
[EventRounds "11"]
[EventCountry "POL"]
[SourceTitle "CBM 211 Extra"]
[Source "ChessBase"]
[SourceDate "2023.01.31"]
[SourceVersion "1"]
[SourceVersionDate "2023.01.31"]
[SourceQuality "1"]

1. e4 c5 2. c4 Nc6 3. Nc3 g6 4. g3 Bg7 5. Bg2 e6 6. Nge2 Nge7 7. 0-0 0-0 8. a3 f5 9. d3 fxe4 10. dxe4 Nd4 11. Be3 Nec6 12. Rb1 a5 13. Nb5 e5 14. Nec3 d6 15. Nd5 Nxb5 16. cxb5 Nd4 17. b6 Bd7 18. Nc7 Rc8 19. b4 axb4 20. axb4 c4 21. Rc1 Rxc7 22. bxc7 Qxc7 23. Bxd4 exd4 24. e5 b5 25. Qxd4 Bxe5 26. Bd5+ Kg7 27. Qe3 Re8 28. Qd2 Bf5 29. f4 Qb6+ 30. Kh1 Bd4 31. Rfe1 Re3 32. Rxe3 Bxe3 33. Qc3+ Qd4 34. Bc6 Qxc3 35. Rxc3 Bd2 36. Ra3 c3 37. Ra7+ Kf8 38. Ra8+ Ke7 39. g4 c2 40. Ra1 Bxg4 41. Bxb5 0-1

[Event "EU-ch Blitz"]
[Site "Katowice"]
[Date "2022.12.16"]
[Round "2"]
[White "Czernecki, Andrzej"]
[Black "Kyc, Jerzy"]
[Result "0-1"]
[WhiteElo "1812"]
[BlackElo "2230"]
[PlyCount "64"]
[EventDate "2022.12.16"]
[EventType "swiss (blitz)"]
[EventRounds "22"]
[EventCountry "POL"]
[SourceTitle "CBM 211 Extra"]
[Source "ChessBase"]
[SourceDate "2023.01.31"]
[SourceVersion "1"]
[SourceVersionDate "2023.01.31"]
[SourceQuality "1"]

1. Nf3 Nf6 2. b3 g6 3. Bb2 Bg7 4. e3 0-0 5. Be2 d5 6. c4 e6 7. Nc3 c5 8. Rc1 d4 9. exd4 cxd4 10. Nb5 d3 11. Bf1 Nc6 12. Nbd4 Nxd4 13. Bxd4 Re8 14. Be5 Ne4 15. Bxg7 Kxg7 16. Ne5 Nxf2 17. Kxf2 Qd4+ 18. Kf3 Qxe5 19. Bxd3 Bd7 20. Qe2 Bc6+ 21. Kf2 Qd4+ 22. Kf1 Rad8 23. Rc3 e5 24. Ke1 f5 25. Bb1 e4 26. Qe3 Qd6 27. g3 Qf6 28. Rf1 Rd3 29. Qxa7 Rxc3 30. dxc3 Qxc3+ 31. Ke2 Rd8 32. Qe3 Qb2+ 0-1

[Event "EU-ch Blitz"]
[Site "Katowice"]
[Date "2022.12.16"]
[Round "18"]
[White "Dragnev, Valentin"]
[Black "Kyc, Jerzy"]
[Result "0-1"]
[WhiteElo "2556"]
[BlackElo "2230"]
[PlyCount "117"]
[EventDate "2022.12.16"]
[EventType "swiss (blitz)"]
[EventRounds "22"]
[EventCountry "POL"]
[SourceTitle "CBM 211 Extra"]
[Source "ChessBase"]
[SourceDate "2023.01.31"]
[SourceVersion "1"]
[SourceVersionDate "2023.01.31"]
[SourceQuality "1"]

1. e4 c5 2. Nc3 Nc6 3. Nf3 a6 4. d4 cxd4 5. Nxd4 e6 6. Nxc6 bxc6 7. Qd3 d5 8. Qg3 Nf6 9. Be2 d4 10. e5 dxc3 11. exf6 Qxf6 12. bxc3 Bc5 13. 0-0 0-0 14. Bg5 Qg6 15. Bd3 f5 16. Rfe1 h6 17. Bf4 Qxg3 18. hxg3 Ra7 19. Bc4 Re8 20. Rab1 Kf8 21. Re5 Be7 22. Ra5 Bd8 23. Bd6+ Be7 24. Be5 Bd8 25. Rc5 Bd7 26. Bb8 Ra8 27. Bd6+ Be7 28. Bxe7+ Kxe7 29. Rb7 Reb8 30. Rxb8 Rxb8 31. Ra5 Bc8 32. Kf1 Rb6 33. Ke2 Kd6 34. f4 g5 35. Ke3 c5 36. Bb3 Bb7 37. Kf2 Bd5 38. Ra4 Bc6 39. Ra5 Bd5 40. Ra4 Rc6 41. c4 Be4 42. Ra3 e5 43. fxg5 hxg5 44. Ra5 f4 45. Ra3 Rb6 46. Ra5 Bb7 47. Ra3 e4 48. gxf4 gxf4 49. Ra5 e3+ 50. Kf1 Be4 51. Ra3 Ke5 52. c3 Rg6 53. Ra5 Bxg2+ 54. Ke2 Be4 55. Rxc5+ Kd6 56. Ra5 Rg2+ 57. Ke1 f3 58. Rxa6+ Ke5 59. Ra5+ 0-1

[Event "EU-ch Blitz"]
[Site "Katowice"]
[Date "2022.12.16"]
[Round "12"]
[White "Keinanen, Toivo"]
[Black "Kyc, Jerzy"]
[Result "1/2-1/2"]
[WhiteElo "2508"]
[BlackElo "2230"]
[PlyCount "69"]
[EventDate "2022.12.16"]
[EventType "swiss (blitz)"]
[EventRounds "22"]
[EventCountry "POL"]
[SourceTitle "CBM 211 Extra"]
[Source "ChessBase"]
[SourceDate "2023.01.31"]
[SourceVersion "1"]
[SourceVersionDate "2023.01.31"]
[SourceQuality "1"]

1. d4 d5 2. Nf3 Nf6 3. e3 c5 4. Be2 cxd4 5. exd4 Nc6 6. 0-0 Bg4 7. h3 Bh5 8. c3 e6 9. Bf4 Bd6 10. Bxd6 Qxd6 11. Nbd2 0-0 12. Re1 Rab8 13. a3 Nd7 14. Rc1 b5 15. b4 Bxf3 16. Nxf3 a5 17. Nd2 Na7 18. Nb3 a4 19. Nc5 Nxc5 20. bxc5 Qc7 21. Rb1 e5 22. f3 exd4 23. cxd4 Qf4 24. Bf1 Nc6 25. Rxb5 Nxd4 26. Rb6 Rbc8 27. c6 Rfd8 28. Qc1 Qg3 29. Kh1 Nxc6 30. Ba6 Nd4 31. Bxc8 Nxf3 32. gxf3 Qxf3+ 33. Kg1 Qg3+ 34. Kf1 Qf3+ 35. Kg1 1/2-1/2

[Event "EU-ch Blitz"]
[Site "Katowice"]
[Date "2022.12.16"]
[Round "10"]
[White "Kyc, Jerzy"]
[Black "Czerw, Dawid"]
[Result "1-0"]
[WhiteElo "2230"]
[BlackElo "2373"]
[PlyCount "64"]
[EventDate "2022.12.16"]
[EventType "swiss (blitz)"]
[EventRounds "22"]
[EventCountry "POL"]
[SourceTitle "CBM 211 Extra"]
[Source "ChessBase"]
[SourceDate "2023.01.31"]
[SourceVersion "1"]
[SourceVersionDate "2023.01.31"]
[SourceQuality "1"]

1. e4 c5 2. Nf3 Nc6 3. Bc4 e6 4. 0-0 a6 5. a4 Qc7 6. Nc3 Nf6 7. Re1 h5 8. d3 Nd4 9. Nxd4 cxd4 10. Ne2 Nxe4 11. Nxd4 Nf6 12. Qf3 Be7 13. h3 d5 14. Bb3 Bd7 15. Bg5 Kf8 16. Qe3 Re8 17. Nf3 Bd6 18. Ne5 Bc6 19. Bf4 Nd7 20. Nxd7+ Qxd7 21. d4 Bxf4 22. Qxf4 Rh6 23. Re5 Kg8 24. Rae1 f6 25. R5e3 Kf7 26. a5 Re7 27. c4 Rg6 28. f3 Rg5 29. c5 Rf5 30. Qh4 Qe8 31. Bc2 Rg5 32. f4 Rg6 1-0

[Event "EU-ch Blitz"]
[Site "Katowice"]
[Date "2022.12.16"]
[Round "17"]
[White "Kyc, Jerzy"]
[Black "Dragnev, Valentin"]
[Result "0-1"]
[WhiteElo "2230"]
[BlackElo "2556"]
[PlyCount "120"]
[EventDate "2022.12.16"]
[EventType "swiss (blitz)"]
[EventRounds "22"]
[EventCountry "POL"]
[SourceTitle "CBM 211 Extra"]
[Source "ChessBase"]
[SourceDate "2023.01.31"]
[SourceVersion "1"]
[SourceVersionDate "2023.01.31"]
[SourceQuality "1"]

1. e4 c6 2. d4 d5 3. exd5 cxd5 4. c4 Nf6 5. Nc3 Nc6 6. Bg5 Be6 7. Nf3 Qa5 8. c5 Ne4 9. Bd2 Nxd2 10. Qxd2 Bg4 11. Be2 e6 12. 0-0 Be7 13. a3 Bxf3 14. Bxf3 Bf6 15. b4 Qd8 16. Ne2 0-0 17. Rfd1 Ne7 18. Ng3 g6 19. a4 b6 20. Rac1 bxc5 21. Rxc5 Qd6 22. Rdc1 Kg7 23. b5 a6 24. Ne2 axb5 25. axb5 h6 26. Qc3 Rfb8 27. g3 Ra4 28. Bg4 Rba8 29. Bh3 Ra3 30. Qd2 Bg5 31. f4 Bf6 32. R1c3 Ra2 33. Rc2 R2a4 34. Qe3 Qb6 35. Kg2 Rb4 36. g4 Kg8 37. g5 Bg7 38. Rc7 Qd6 39. R7c5 Rb8 40. Qd3 Qb6 41. gxh6 Bxh6 42. Rc7 Bf8 43. Qg3 Rxb5 44. Qg5 Qd6 45. Bg4 Rb2 46. h4 Rxc2 47. Rxc2 Rc8 48. Rxc8 Nxc8 49. h5 Be7 50. Qh6 Bf8 51. Qg5 Ne7 52. Ng3 Bg7 53. hxg6 fxg6 54. Bh3 Bxd4 55. Ne2 Bg7 56. Bg4 Kf7 57. Bf3 Nf5 58. Kh2 d4 59. Be4 d3 60. Nc3 Bxc3 0-1

[Event "EU-ch Blitz"]
[Site "Katowice"]
[Date "2022.12.16"]
[Round "11"]
[White "Kyc, Jerzy"]
[Black "Keinanen, Toivo"]
[Result "1/2-1/2"]
[WhiteElo "2230"]
[BlackElo "2508"]
[PlyCount "126"]
[EventDate "2022.12.16"]
[EventType "swiss (blitz)"]
[EventRounds "22"]
[EventCountry "POL"]
[SourceTitle "CBM 211 Extra"]
[Source "ChessBase"]
[SourceDate "2023.01.31"]
[SourceVersion "1"]
[SourceVersionDate "2023.01.31"]
[SourceQuality "1"]

1. e4 Nc6 2. Nf3 d6 3. Bc4 Nf6 4. d3 Bg4 5. h3 Bxf3 6. Qxf3 g6 7. Nc3 Bg7 8. 0-0 0-0 9. Be3 a6 10. Qe2 b5 11. Bb3 Na5 12. f4 c5 13. e5 Ne8 14. Bd5 Rc8 15. exd6 Nxd6 16. Kh2 Nf5 17. Be4 Nxe3 18. Qxe3 Qd6 19. Rae1 c4 20. Rd1 Rfd8 21. Kh1 cxd3 22. Rxd3 Nc4 23. Qf2 Qb6 24. Qxb6 Nxb6 25. Bb7 Rxd3 26. cxd3 Rd8 27. Bxa6 b4 28. Ne4 Bxb2 29. Rb1 Ba3 30. Nc5 Nd5 31. Rf1 e6 32. Bc4 Ne3 33. Rf2 Nxc4 34. dxc4 Rc8 35. Nb3 Rxc4 36. g3 Bc1 37. Kg2 Be3 38. Re2 Bb6 39. h4 Kg7 40. Rb2 h6 41. Nd2 Rd4 42. Nf3 Re4 43. Rc2 Kf6 44. Rd2 Re3 45. Ne5 Ra3 46. Nd7+ Kf5 47. Nxb6 Kg4 48. Kh2 b3 49. axb3 Rxb3 50. Nc4 Rxg3 51. Ne5+ Kxh4 52. Nxf7 Rh3+ 53. Kg2 Rg3+ 54. Kf2 Rh3 55. Rd4 Kg4 56. Re4 Kf5 57. Nd6+ Kf6 58. Ne8+ Kf5 59. Nd6+ Kf6 60. Re2 Rh2+ 61. Kf3 Rxe2 62. Kxe2 e5 63. fxe5+ Kxe5 1/2-1/2

[Event "EU-ch Blitz"]
[Site "Katowice"]
[Date "2022.12.16"]
[Round "6"]
[White "Piotrowski, Przemyslaw"]
[Black "Kyc, Jerzy"]
[Result "0-1"]
[WhiteElo "2247"]
[BlackElo "2230"]
[PlyCount "114"]
[EventDate "2022.12.16"]
[EventType "swiss (blitz)"]
[EventRounds "22"]
[EventCountry "POL"]
[SourceTitle "CBM 211 Extra"]
[Source "ChessBase"]
[SourceDate "2023.01.31"]
[SourceVersion "1"]
[SourceVersionDate "2023.01.31"]
[SourceQuality "1"]

1. d4 Nf6 2. Nf3 g6 3. g3 Bg7 4. Bg2 0-0 5. 0-0 d5 6. c4 dxc4 7. Na3 c5 8. dxc5 Qa5 9. Be3 c3 10. Nc4 Qa6 11. b3 Nc6 12. Qc1 Ng4 13. h3 Nxe3 14. Qxe3 Be6 15. Nce5 Bd5 16. Nxc6 Qxc6 17. Rac1 Rac8 18. b4 b6 19. Rfd1 Rfd8 20. Qxe7 bxc5 21. bxc5 Re8 22. Qxa7 Rxe2 23. Nh4 Bxg2 24. Nxg2 Qf3 25. c6 c2 26. Re1 Rxe1+ 27. Nxe1 Qe2 28. Qd7 Qe6 29. Qxe6 fxe6 30. Rxc2 Bd4 31. Nd3 Rc7 32. Kg2 Bb6 33. Ne5 Ra7 34. f4 Bc7 35. Nd7 Kf7 36. Kf3 Ke7 37. Nc5 Ra3+ 38. Kg2 Kd6 39. Ne4+ Kd5 40. Ng5 h6 41. Rd2+ Kxc6 42. Nxe6 Ba5 43. Re2 Kd5 44. Nf8 g5 45. f5 Bc7 46. Ne6 Bxg3 47. f6 Bd6 48. f7 Rg3+ 49. Kf2 Rxh3 50. Rd2+ Kxe6 51. Rxd6+ Kxf7 52. Ra6 Kg7 53. Kg2 g4 54. a4 h5 55. a5 Ra3 56. Ra8 h4 57. a6 Ra2+ 0-1

[Event "EU-ch Blitz"]
[Site "Katowice"]
[Date "2022.12.16"]
[Round "19"]
[White "Saric, Ante"]
[Black "Kyc, Jerzy"]
[Result "1/2-1/2"]
[WhiteElo "2504"]
[BlackElo "2230"]
[PlyCount "110"]
[EventDate "2022.12.16"]
[EventType "swiss (blitz)"]
[EventRounds "22"]
[EventCountry "POL"]
[SourceTitle "CBM 211 Extra"]
[Source "ChessBase"]
[SourceDate "2023.01.31"]
[SourceVersion "1"]
[SourceVersionDate "2023.01.31"]
[SourceQuality "1"]

1. Nf3 Nf6 2. c4 g6 3. Nc3 c5 4. e4 d6 5. d4 cxd4 6. Nxd4 Bg7 7. Be2 0-0 8. 0-0 Nc6 9. Be3 Nxd4 10. Bxd4 Be6 11. Rc1 Rc8 12. b3 Qa5 13. Qe1 Rfd8 14. a4 Rc6 15. Bxf6 Bxf6 16. Nd5 Qxe1 17. Nxf6+ exf6 18. Rfxe1 a5 19. Rcd1 Kf8 20. Bf3 Rc5 21. Re3 Ke7 22. Kf1 h5 23. h4 b6 24. Ke1 f5 25. exf5 Rxf5 26. Rd4 Re5 27. Kd2 Rc8 28. Be4 f5 29. Bd3 Rxe3 30. Kxe3 Rd8 31. Kf4 Kf6 32. Be2 Bf7 33. Bf3 Be6 34. Rd2 Bc8 35. Bd5 Re8 36. Bc6 Rd8 37. Bf3 Be6 38. Bd5 Bd7 39. Re2 Re8 40. Rd2 Rd8 41. Bf3 Be6 42. Be2 Rd7 43. f3 d5 44. g4 hxg4 45. fxg4 dxc4 46. g5+ Ke7 47. Rxd7+ Kxd7 48. Bxc4 Bxc4 49. bxc4 Ke6 50. Kg3 Ke5 51. Kf3 f4 52. Kf2 Kf5 53. Kf3 Ke5 54. Kf2 Kf5 55. Kf3 Ke5 1/2-1/2

[Event "Krakow Malopolski Cup"]
[Site "Krakow"]
[Date "2022.08.06"]
[Round "5"]
[White "Cieslak, Patryk"]
[Black "Kyc, Jerzy"]
[Result "0-1"]
[WhiteElo "2034"]
[BlackElo "2247"]
[PlyCount "212"]
[EventDate "2022.08.04"]
[EventType "swiss"]
[EventRounds "9"]
[EventCountry "POL"]
[SourceTitle "CBM 209 Extra"]
[Source "ChessBase"]
[SourceDate "2022.09.30"]
[SourceVersion "1"]
[SourceVersionDate "2022.09.30"]
[SourceQuality "1"]

1. e4 c5 2. Nf3 d6 3. d4 cxd4 4. Nxd4 Nf6 5. Nc3 g6 6. g3 Bg7 7. Bg2 0-0 8. 0-0 a6 9. a4 e6 10. Be3 Nbd7 11. h3 Qc7 12. Nde2 Ne5 13. b3 b6 14. Qd2 Bb7 15. Rad1 Rfd8 16. Qd4 Nxe4 17. Qxb6 Qxb6 18. Bxb6 Nxc3 19. Nxc3 Bxg2 20. Kxg2 Rdc8 21. Bd4 d5 22. Rd2 Rc7 23. Re1 Nd7 24. Bxg7 Kxg7 25. Nd1 Rac8 26. c4 dxc4 27. bxc4 Nb6 28. Rd6 Rc6 29. Rxc6 Rxc6 30. Nb2 Nxc4 31. Nd3 Rd6 32. Nc5 Rc6 33. Nd3 Nd6 34. Nb4 Rb6 35. Nd3 Nb7 36. Rc1 Kf6 37. Rc7 Rb3 38. Nc1 Rb6 39. Nd3 g5 40. g4 Rd6 41. Nb4 Rb6 42. Nd3 Rb3 43. Nc1 Rb1 44. Nd3 a5 45. Nc5 Nd6 46. Nd7+ Kg7 47. Rc5 h6 48. Rxa5 Rb2 49. Re5 Ra2 50. Nc5 Nc4 51. Re4 Nb6 52. h4 Nd5 53. hxg5 hxg5 54. Kg3 Ra3+ 55. Kh2 Nf4 56. Re3 Ra2 57. Kg3 Kg6 58. Rb3 Ra1 59. Kh2 Ra2 60. Kg3 Ne2+ 61. Kg2 Rc2 62. Ne4 Rc4 63. f3 Rxa4 64. Rb8 Nf4+ 65. Kg3 Ra5 66. Rc8 f6 67. Rf8 Nd5 68. Re8 Ra6 69. Nc5 Kf7 70. Nxa6 Kxe8 71. Nc5 Ke7 72. Ne4 Nf4 73. Kh2 Kf7 74. Kg3 Ke7 75. Kh2 Nd5 76. Kg3 Kd7 77. Nc5+ Kd6 78. Nb7+ Ke5 79. Nc5 Kd6 80. Nb7+ Kc6 81. Nd8+ Kd7 82. Nb7 Nf4 83. Nc5+ Kd6 84. Ne4+ Ke5 85. Nc5 Kd4 86. Ne4 Ke3 87. Nxf6 Ne2+ 88. Kg2 Nd4 89. Kg3 Nxf3 90. Nh7 e5 91. Nf6 e4 92. Nd5+ Kd3 93. Kf2 Ne5 94. Ne3 Nc4 95. Nf1 e3+ 96. Ke1 Ne5 97. Ng3 Nxg4 98. Ne2 Nh2 99. Nc1+ Ke4 100. Nb3 Nf3+ 101. Kd1 g4 102. Nc5+ Kd4 103. Nb3+ Kc4 104. Ke2 Kxb3 105. Kxe3 Ne5 106. Kf4 Kc3 0-1

[Event "Bystre op 2nd"]
[Site "Bystre"]
[Date "2022.07.23"]
[Round "8"]
[White "Kyc, Jerzy"]
[Black "Kasperek, Ryszard"]
[Result "1-0"]
[WhiteElo "2203"]
[BlackElo "2058"]
[PlyCount "57"]
[EventDate "2022.07.17"]
[EventType "swiss"]
[EventRounds "9"]
[EventCountry "POL"]
[SourceTitle "CBM 209 Extra"]
[Source "ChessBase"]
[SourceDate "2022.09.30"]
[SourceVersion "1"]
[SourceVersionDate "2022.09.30"]
[SourceQuality "1"]

1. e4 c5 2. Nf3 e6 3. d4 cxd4 4. Nxd4 a6 5. Bd3 Nc6 6. Nxc6 dxc6 7. 0-0 e5 8. f4 Bc5+ 9. Kh1 Nf6 10. Qe1 Ng4 11. Nc3 Qd4 12. Nd1 exf4 13. Bxf4 f6 14. h3 h5 15. e5 fxe5 16. Bg5 Be6 17. Nc3 Kd7 18. Ne4 Bb6 19. c3 Qa4 20. Rd1 Kc7 21. Be7 Qxa2 22. Bd6+ Kc8 23. Bc5 Bc7 24. hxg4 hxg4+ 25. Kg1 Qxb2 26. Qe3 a5 27. Rd2 Qb3 28. Rb1 Qd5 29. Be2 1-0